Southville International School and Colleges
Your cart is empty.
  • Cart
  • Lists
    Public lists Eva Luna New books Lux_list list_1
    Your lists Log in to create your own lists
  • Log in to your account
  • Your cookies
  • Search history
Southville International School and Colleges
  • Advanced search
  • Recent comments
  • Most popular
  • Libraries

Log in to your account

Log in with GOOGLE


If you do not have an external account, but do have a local account, you can still log in:

  1. Home
  2. MARC view: At her majesty's request :
Normal view MARC view ISBD view

At her majesty's request : (Record no. 42905)

[ view plain ]
MARC details
000 -LEADER
fixed length control field 02101pam a2200469 a 4500
001 - CONTROL NUMBER
control field 3086688
003 - CONTROL NUMBER IDENTIFIER
control field ost
005 - DATE AND TIME OF LATEST TRANSACTION
control field 20140407102920.0
008 - FIXED-LENGTH DATA ELEMENTS--GENERAL INFORMATION
fixed length control field 980407s1999 nyua c b 000 0beng
010 ## - LIBRARY OF CONGRESS CONTROL NUMBER
LC control number 98007217
020 ## - INTERNATIONAL STANDARD BOOK NUMBER
International Standard Book Number 0590486705
040 ## - CATALOGING SOURCE
Original cataloging agency DLC
Transcribing agency DLC
Modifying agency DLC
042 ## - AUTHENTICATION CODE
Authentication code lcac
043 ## - GEOGRAPHIC AREA CODE
Geographic area code e-uk---
-- fw-----
-- f-nr---
050 00 - LIBRARY OF CONGRESS CALL NUMBER
Classification number DA 565.F67
Item number .M94 1999
100 1# - MAIN ENTRY--PERSONAL NAME
Personal name Myers, Walter Dean,
Dates associated with a name 1937-
9 (RLIN) 24715
245 10 - TITLE STATEMENT
Title At her majesty's request :
Remainder of title an African princess in Victorian England /
Statement of responsibility, etc Walter Dean Myers.
250 ## - EDITION STATEMENT
Edition statement 1st ed.
260 ## - PUBLICATION, DISTRIBUTION, ETC. (IMPRINT)
Place of publication, distribution, etc New York :
Name of publisher, distributor, etc Scholastic.,
Date of publication, distribution, etc 1999.
300 ## - PHYSICAL DESCRIPTION
Extent xii, 146 p. :
Other physical details col. ill. ;
Dimensions 24 cm.
504 ## - BIBLIOGRAPHY, ETC. NOTE
Bibliography, etc Includes bibliographical references (p. 143).
520 ## - SUMMARY, ETC.
Summary, etc Biography of the African princess saved from execution and taken to England where Queen Victoria oversaw her upbringing and where she lived for a time before marrying an African missionary.
521 ## - TARGET AUDIENCE NOTE
Target audience note
526 ## - STUDY PROGRAM INFORMATION NOTE
Reading level 1070
600 10 - SUBJECT ADDED ENTRY--PERSONAL NAME
Personal name Bonetta, Sarah Forbes,
Dates associated with a name b. 1843?
General subdivision Juvenile literature.
600 00 - SUBJECT ADDED ENTRY--PERSONAL NAME
Personal name Victoria,
Titles and other words associated with a name Queen of Great Britain,
Dates associated with a name 1819-1901
General subdivision Friends and associates
-- Juvenile literature.
600 11 - SUBJECT ADDED ENTRY--PERSONAL NAME
Personal name Bonetta, Sarah Forbes,
Dates associated with a name b. 1843?
600 01 - SUBJECT ADDED ENTRY--PERSONAL NAME
Personal name Victoria,
Titles and other words associated with a name Queen of Great Britain,
Dates associated with a name 1819-1901
General subdivision Friends and associates.
650 #0 - SUBJECT ADDED ENTRY--TOPICAL TERM
Topical term or geographic name as entry element Missionaries' spouses
Geographic subdivision Africa, West
General subdivision Biography
-- Juvenile literature.
650 #0 - SUBJECT ADDED ENTRY--TOPICAL TERM
Topical term or geographic name as entry element Africans
Geographic subdivision Great Britain
General subdivision History
Chronological subdivision 19th century
General subdivision Juvenile literature.
650 #0 - SUBJECT ADDED ENTRY--TOPICAL TERM
Topical term or geographic name as entry element Princesses
Geographic subdivision Nigeria
-- Oyo State
General subdivision Biography
-- Juvenile literature.
650 #0 - SUBJECT ADDED ENTRY--TOPICAL TERM
Topical term or geographic name as entry element Nigerians
Geographic subdivision Great Britain
General subdivision Biography
-- Juvenile literature.
650 #1 - SUBJECT ADDED ENTRY--TOPICAL TERM
Topical term or geographic name as entry element Princesses.
650 #1 - SUBJECT ADDED ENTRY--TOPICAL TERM
Topical term or geographic name as entry element Women
General subdivision Biography.
651 #0 - SUBJECT ADDED ENTRY--GEOGRAPHIC NAME
Geographic name Great Britain
General subdivision Court and courtiers
-- History
Chronological subdivision 19th century
General subdivision Juvenile literature.
651 #1 - SUBJECT ADDED ENTRY--GEOGRAPHIC NAME
Geographic name Great Britain
General subdivision Court and courtiers.
906 ## - LOCAL DATA ELEMENT F, LDF (RLIN)
a 7
b cbc
c orignew
d 1
e ocip
f 19
g y-gencatlg
942 ## - ADDED ENTRY ELEMENTS (KOHA)
Source of classification or shelving scheme Library of Congress Classification
Koha item type Books
Holdings
Withdrawn status Lost status Source of classification or shelving scheme Damaged status Home library Current library Shelving location Date acquired Total Checkouts Full call number Barcode Date last seen Copy number Price effective from Koha item type
    Library of Congress Classification   Munich Library Munich Library Scholastic Reading Center Section 03/10/2014   DA 565.F67 .M94 1999 MS0728 03/10/2014 1 03/10/2014 Books

At her majesty's request :

APA

Myers W. D., . (1999). At her majesty's request. New York: Scholastic.

Chicago

Myers Walter Dean, . 1999. At her majesty's request. New York: Scholastic.

Harvard

Myers W. D., . (1999). At her majesty's request. New York: Scholastic.

MLA

Myers Walter Dean, . At her majesty's request. New York: Scholastic. 1999.

  • Place hold
  • Print
  • Cite
  • Add to your cart (remove)
  • Save record
    BIBTEX Dublin Core MARCXML MARC (non-Unicode/MARC-8) MARC (Unicode/UTF-8) MARC (Unicode/UTF-8, Standard) MODS (XML) RIS
  • More searches
    Search for this title in:
    Other Libraries (WorldCat) Other Databases (Google Scholar) Online Stores (Bookfinder.com) Open Library (openlibrary.org)

Exporting to Dublin Core...

SOUTHVILLE LIBRARY

Southville International School and Colleges Library

1281 Tropical Ave. Cor. Luxembourg St., BF Homes International, Las Pinas City

Tel. No. 8256374 / 252358 Loc. 117/146

Powered by Koha